Cette année-là: 1836 - Statistiques

Statistiques générales
  • Ce quiz a été pris 14 fois
  • Le résultat moyen est 4 sur 10
Statistiques - réponses
Indices Réponses % Correct
29 juillet: Inauguration de ce monument place de l'Etoile Arc de Triomphe
100%
25 février: Cet ingénieur reçoit un brevet pour son revolver Samuel Colt
92%
23 février: Début du siège de ce fort, moment important du roman national américain. Fort Alamo
85%
30 octobre: J'organise le soulèvement de la garnison de Strasbourg, échec lamentable, je suis alors banni aux Etats-Unis Louis-Napoléon Bonaparte
46%
24 novembre: Le général Clauzel échoue à prendre cette ville algérienne Constantine
38%
17 février: Cette ville libre polonaise est annexée par l'Autriche Cracovie
31%
5 janvier: J'arrive au Texas pour y aider les insurgés. Davy Crockett
31%
11 juillet : Pour quel crime Louis Alibaud, qui a attenté à la vie de Louis Philippe, est-il condamné à mort ? Parricide
15%
22 octobre: Je suis élu président du Texas, mon nom est donné à la ville la plus peuplée de cet Etat James Houston
0%
6 novembre: Lieu (ville) où meurt Charles X Prague
0%
Aucun quiz correspondant
Distribution des résultats
% des personnes avec chaque résultat
Percentile par nombre de réponses
Votre historique - résultats
Vous n’avez pas pris ce quiz